Doctrina civil del Tribunal Supremo sobre arrendamientos urbanos (Record no. 57072)
[ view plain ]
| 000 -LEADER | |
|---|---|
| campo de control de longitud fija | 00845nam a2200181 i 4500 |
| 001 - NÚMERO DE CONTROL | |
| campo de control | 57072 |
| 003 - IDENTIFICADOR DE NÚMERO DE CONTROL | |
| campo de control | ES-MaACL |
| 005 - FECHA Y HORA DE LA ÚLTIMA TRANSACCIÓN | |
| campo de control | 20230906163516.0 |
| 007 - CAMPO FIJO DE DESCRIPCIÓN FÍSICA--INFORMACIÓN GENERAL | |
| campo de control de longitud fija | t| |
| 008 - DATOS DE LONGITUD FIJA--INFORMACIÓN GENERAL | |
| campo de control de longitud fija | 031014s1962 sp ||||1| spa d |
| 245 00 - MENCIÓN DEL TÍTULO | |
| Título | Doctrina civil del Tribunal Supremo sobre arrendamientos urbanos |
| Resto del título | : Comprende las resoluciones recaídas en materia de arrendamientos urbanos, de derecho sustantivo y procesal, del Tribunal Supremo y las de la Dirección General de los Registros y del Notariado, desde Julio de 1904 hasta marzo de 1962 / |
| Mención de responsabilidad, etc. | Manuel Rodriguez Navarro. |
| 260 ## - PUBLICACIÓN, DISTRIBUCIÓN, ETC. | |
| Lugar de publicación, distribución, etc. | Madrid : |
| Nombre del editor, distribuidor, etc. | Aguilar, |
| Fecha de publicación, distribución, etc. | 1962 ( |
| Fabricante | Guerri) |
| 300 ## - DESCRIPCIÓN FÍSICA | |
| Extensión | XL, 2301 p. ; |
| Dimensiones | 20 cm. |
| 500 ## - NOTA GENERAL | |
| Nota general | Son los apendices I y III. |
| 650 #4 - PUNTO DE ACCESO ADICIONAL DE MATERIA--TÉRMINO DE MATERIA | |
| Término de materia o nombre geográfico como elemento de entrada | Arrendamiento urbano- |
| Subdivisión geográfica | España- |
| Subdivisión de forma | Jurisprudencia. |
| 9 (RLIN) | 165724 |
| 700 1# - ENTRADA AGREGADA--NOMBRE PERSONAL | |
| Nombre de persona | Rodríguez Navarro, Manuel. |
| 9 (RLIN) | 98697 |
| 852 ## - LOCALIZACIÓN | |
| Ubicación | ES-MaACL |
| Número de control de estantería | P-675-bis |
| Sublocalización o colección | R.50807 |
| Estatus retirado | Estado de pérdida | Estado de daño | No para préstamo | Biblioteca de origen | Biblioteca actual | Ubicación en estantería | Fecha de adquisición | Fuente de adquisición | Total de préstamos | Signatura topográfica completa | Código de barras | Visto por última vez | Precio de reemplazo | Tipo de ítem Koha |
|---|---|---|---|---|---|---|---|---|---|---|---|---|---|---|
| Biblioteca del Ateneo de Madrid | Biblioteca del Ateneo de Madrid | Depósito 2 | 17/01/2008 | P-675-bis | 1059926 | 23/02/2023 | 23/02/2023 | Libro impreso |
